000 00334 a2200157 4500
001 57300
020 _a8502042262
040 _cAnchieta - Pituba
100 _aPerlman, Alina
240 1 0 _aO jeitão da turma
_lpor
245 1 0 _aO jeitão da turma
300 _a61
362 0 _a2003
650 4 _aLiteratura juvenil
942 _cBK
999 _c57300
_d57300